|
|
|
|
| LEADER |
00000nam a22000007a 4500 |
| 005 |
20210224205712.0 |
| 007 |
cr|||| |||| |
| 008 |
210224s2017 us |||||s|||| 00||0 eng d |
| 020 |
|
|
|a 9781634253574
|
| 035 |
|
|
|a 31219
|
| 040 |
|
|
|a vLex
|
| 090 |
|
|
|c 11248
|d 11248
|
| 100 |
1 |
|
|a Edelman, Daniel A.
|
| 245 |
1 |
0 |
|a ABA Consumer Guide to Understanding and Protecting Your Credit Rights
|h [Recurso electrn̤ico] :
|b A Practical Resource For Maintaining Good Credit /
|c Daniel A. Edelman
|
| 256 |
|
|
|a Servicio en ln̕ea
|
| 260 |
|
|
|a Chicago:
|b American Bar Association,
|c 2017
|
| 300 |
|
|
|a 1 recurso electrn̤ico
|
| 500 |
|
|
|a The vast majority of Americans obtain credit at some point in their lives. Over 75 percent of Americans have at least one credit card. Credit also includes home mortgages, car loans, and student loans. This book looks at the basic rights with respect to obtaining and protecting credit.
|
| 506 |
1 |
|
|a Disponible solo en los productos indicados
|d vLex Global
|d vLex Global (Academic Edition, excluding Law Schools)
|d vLex Global (Academic Edition, Law Schools)
|
| 650 |
0 |
4 |
|a Consumidores Usuarios
|z Estados Unidos
|
| 740 |
0 |
|
|a vLex Libros (Servicio en ln̕ea)
|
| 856 |
4 |
0 |
|u http://vlex.com/source/aba-consumer-guide-to-understanding-and-protecting-your-credit-rights-a-practical-resource-for-maintaining-good-credit-31219
|z Acceso restringido
|
| 942 |
|
|
|c BOOK
|
| 999 |
0 |
|
|a Consumers Users
|